माँ की याद एवं अन्य लघुकथाएं / (Record no. 212533)
[ view plain ]
| 000 -LEADER | |
|---|---|
| fixed length control field | 00884nam a22001937a 4500 |
| 005 - DATE AND TIME OF LATEST TRANSACTION | |
| control field | 20250724114304.0 |
| 010 ## - LCCN (DPL NO) | |
| LC control number | HIN-129974 |
| 020 ## - INTERNATIONAL STANDARD BOOK NUMBER | |
| International Standard Book Number | 9789381610817 |
| Terms of availability | 225.00 |
| 035 ## - SYSTEM CONTROL NUMBER | |
| System control number | HN-102320 |
| 037 ## - SOURCE OF ACQUISITION | |
| Source of stock number/acquisition | DBAD |
| 082 ## - DEWEY DECIMAL CLASSIFICATION NUMBER | |
| Classification number | क |
| 100 ## - MAIN ENTRY--PERSONAL NAME | |
| Personal name | मुकेश ज्ञानदेव |
| 245 ## - TITLE STATEMENT | |
| Title | माँ की याद एवं अन्य लघुकथाएं / |
| Statement of responsibility, etc | ज्ञानदेव मुकेश |
| 250 ## - EDITION STATEMENT | |
| Edition statement | प्रथम |
| 260 ## - PUBLICATION, DISTRIBUTION, ETC. (IMPRINT) | |
| Place of publication, distribution, etc | दिल्ली |
| Name of publisher, distributor, etc | शिल्पायन पुब्लिशार्स एण्ड डिस्ट्रीब्यूटर्स |
| 270 ## - ADDRESS | |
| Address | 10295 , लेन नं. 1, वेस्ट गोरखपार्क , शाहदरा, |
| City | दिल्ली |
| Postal code | 110032 |
| Telephone number | 001 22826078 |
| 300 ## - PHYSICAL DESCRIPTION | |
| Extent | 104 पृ. |
| Dimensions | 21.3 सेमी (सजिल्द ) |
| 942 ## - ADDED ENTRY ELEMENTS (KOHA) | |
| Source of classification or shelving scheme | Dewey Decimal Classification |
| Item type | Hindi Books |
| Classification part | क |
| Call number suffix | मुकेश |
| Withdrawn status | Lost status | Not for loan | Collection code | Home library | Current library | Date acquired | Source of acquisition | Cost, normal purchase price | Full call number | Barcode | Copy number | Cost, replacement price | Koha item type |
|---|---|---|---|---|---|---|---|---|---|---|---|---|---|
| Non-fiction | Central Library | Central Library | 24/07/2025 | DBAD | 225.00 | क मुकेश | HN-102320 | 1 | 225.00 | Hindi Books |
